| 000 | 00853nam a2200265 i 4500 | ||
|---|---|---|---|
| 999 |
_c200439917 _d58129 |
||
| 003 | TR-AnTOB | ||
| 005 | 20240425150645.0 | ||
| 007 | ta | ||
| 008 | 210310s1986 tu g 00| 0 tur d | ||
| 040 |
_aTR-AnTOB _beng _erda _cTR-AnTOB |
||
| 041 | 0 | _atur | |
| 050 | 1 | 4 |
_aHJ4385.4 _b.E45 1986 |
| 090 |
_aHJ4385.4 _b.E45 1986 |
||
| 245 | 0 | 0 |
_aT. C. İzmir Büyükşehir Belediyesi emlak vergisi semineri : _b1 şubat 1986, İzmir. |
| 264 | 1 |
_aİzmir : _bT.C. İzmir Büyükşehir Belediyesi, _c1986. |
|
| 300 |
_a30 pages : _btables ; _c26 cm |
||
| 336 |
_2rdacontent _atext _btxt |
||
| 337 |
_2rdamedia _aunmediated _bn |
||
| 338 |
_2rdacarrier _avolume _bnc |
||
| 653 | _aGayrimenkul vergisi--Türkiye--Kongreler | ||
| 710 | 2 |
_aİzmir Büyükşehir Belediyesi _9123606 |
|
| 942 |
_2lcc _cBK |
||